| 000 | 00539nam a2200133Ia 4500 | ||
|---|---|---|---|
| 008 | 220216s9999 xx 000 0 und d | ||
| 100 | _aClaramma P.V. | ||
| 245 | 0 | _aIncome sustainability through bee keeping in rubebr plantations under self-help groups: A comparative analysis of three regions in Kerala | |
| 260 |
_bIn: Towards Inclusive Rubber Development (Ed. C. Kuruvilla Jacob). The Rubber Board, Kottayam, India, pp. 245-251. _c2009 |
||
| 700 | _aGopakumar R. | ||
| 700 | _aKurian Moncy P | ||
| 700 | _aNair Ramesh B. | ||
| 942 | _cBS | ||
| 999 |
_c52309 _d52309 |
||